| 000 | 00628nam a2200253 a 4500 | ||
|---|---|---|---|
| 001 | nice12345678 | ||
| 003 | IN_TiNIC | ||
| 005 | 20260116012410.0 | ||
| 008 | 050524s1985 newa grp 000 0 eng | ||
| 020 |
_a _c200 |
||
| 082 | 0 | 0 |
_a323.39710954 _bRAK |
| 100 | _aRakkar, J S | ||
| 245 | _aMuslim Politics in the Punjab | ||
| 260 |
_aNew Delhi _bDeep & Deep Publications _c1985 |
||
| 300 | _a359p | ||
| 500 | _aincludes index and biblioraphy | ||
| 505 | 2 | _aBibliography | |
| 650 | _aMuslims-India-Politics | ||
| 650 | _aPunjab-Muslims | ||
| 700 | 1 | _aRakkar, J S | |
| 902 | _bSRS | ||
| 942 | _cBK | ||
| 999 |
_c6863 _d6863 |
||